| 000 | 00697nam a2200253Ia 4500 | ||
|---|---|---|---|
| 003 | OSt | ||
| 005 | 20220918202611.0 | ||
| 006 | a|||||r|||| 00| 0 | ||
| 007 | ta | ||
| 008 | 220917b |||||||| |||| 00| 0 eng d | ||
| 024 | _a102,470 | ||
| 037 | _cTextual | ||
| 040 |
_aARTS _cARTS _beng |
||
| 041 |
_2eng _aeng |
||
| 082 | _aV25242:7, L9-;1 | ||
| 100 |
_aSingh Sheo Bahadur _9104537 |
||
| 245 | 0 | _aArchaeology of Panchala region | |
| 260 |
_aDelhi _bAgam Kala Prakashan _c1979 |
||
| 300 |
_avi, 132p. illus plates _ccm. |
||
| 500 | _aBibliography p109-114 | ||
| 650 | _aHISTORY | ||
| 942 |
_hV25242:7, L9-;1 _cTEXL _2CC |
||
| 999 |
_c225924 _d225924 |
||